| 000 | 01065cam a22002535a 4500 | ||
|---|---|---|---|
| 001 | L158468 | ||
| 008 | 130613s2015 xxk f 000 0 eng d | ||
| 020 | _a9781848064096 | ||
| 035 | _a(Sirsi) u158468 | ||
| 041 | 0 | _aeng | |
| 100 | 1 | _aLewry, A. | |
| 245 | 0 | 0 | _aProducing the business case for investment in energy efficiency |
| 260 |
_aWatford _bBRE _c2015 |
||
| 300 |
_a12p. _bill. _c30cm. |
||
| 490 | 0 |
_aBRE Information Paper _v(2/15) |
|
| 520 | _aProvides guidance on how a business case should be put together. It focuses on helping technical staff to speak the same language as their financial counterparts, illustrating the importance of the 'do-nothing' scenario, highlighting the risk to the business and putting potential benefits into context. It also explains how to plan a presentation in advance so that the presenter is able to put forward a compelling case. | ||
| 521 | _aAdvanced | ||
| 650 | 2 | 4 | _aENERGY USE |
| 650 | 2 | 4 | _aENERGY SAVING |
| 650 | 2 | 4 | _aBUSINESS CASE |
| 651 | 4 | _aENGLAND AND WALES | |
| 690 |
_aEnergy _96237 |
||
| 942 | _n0 | ||
| 999 |
_c115330 _d115330 |
||